| 000 | 00660nam a2200181 a 4500 | ||
|---|---|---|---|
| 001 | 000029202 | ||
| 005 | 20200930055408.0 | ||
| 008 | 110414s1972 dr ac 000 0 spa d | ||
| 040 |
_aDO-SdBNP _bspa _cBNPHU |
||
| 082 |
_axxx _bS471s |
||
| 111 | 1 |
_aseminario sobre el desarrollo de Monseñor Nouel. _n(1er. : _d1973 dic. 9 : _cBonao) _956110 |
|
| 245 | 1 | 0 | _a1er seminario sobre el desarrollo de Monseñor Nouel. |
| 246 | 1 | 0 | _aPrimer seminario sobre el desarrollo de Monseñor Nouel |
| 260 |
_aBonao : _bAsociación Pro- Desarrollo de Bonao, _c1972. |
||
| 300 |
_a74 p. : _bil., retr. ; _c24 cm. |
||
| 500 | _aIncluye notas al pie de las páginas | ||
| 049 | _aBNPD | ||
| 999 |
_c28694 _d28694 |
||